[Event "RA March op"]
[Site "Ottawa CAN"]
[Date "2023.03.05"]
[Round "5.4"]
[White "Xu, Daniel"]
[Black "Tanaka, Tyler"]
[Result "1/2-1/2"]
[WhiteElo "2339"]
[BlackElo "2357"]
[PlyCount "127"]
[EventDate "2023.03.03"]
[EventType "swiss"]
[EventRounds "5"]
[EventCountry "CAN"]

1. e4 c6 2. d4 d5 3. exd5 cxd5 4. c4 Nf6 5. Nc3 e6 6. Nf3 Bb4 7. cxd5 Nxd5 8.
Qc2 Nc6 9. Bd3 Ba5 10. a3 h6 11. O-O O-O 12. Rd1 Nce7 13. Ne5 Bd7 14. Bh7+ Kh8
15. Be4 Rc8 16. Bd2 Bc6 17. Qd3 Nf6 18. Nxc6 bxc6 19. Bf3 Bb6 20. Be3 Qd6 21.
Na4 Rfd8 22. Qc4 Nf5 23. Nc5 Rb8 24. Ne4 Nxe4 25. Bxe4 Nxe3 26. fxe3 c5 27.
dxc5 Qxc5 28. Rxd8+ Rxd8 29. Qxc5 Bxc5 30. Re1 f5 31. Bf3 f4 32. Rd1 Bxe3+ 33.
Kf1 Bd4 34. Rd2 g6 35. Rc2 Kg7 36. b4 Kf6 37. Be4 Be3 38. Ke2 Rd4 39. Bd3 Rd5
40. Rc4 Rh5 41. h3 Re5 42. Be4 h5 43. a4 Rg5 44. Bf3 Rg3 45. Kf1 Ke5 46. Re4+
Kd6 47. Rc4 Kd7 48. Re4 Rg5 49. Rc4 Rf5 50. Ke2 Rf6 51. b5 Rf8 52. Be4 Rg8 53.
a5 g5 54. Rb4 Kc7 55. Rc4+ Kd7 56. b6 axb6 57. a6 b5 58. Rb4 Kd6 59. Rxb5 Rg7
60. Rb7 Rxb7 61. axb7 Ba7 62. Bf3 h4 63. Be4 Ke5 64. Kf3 1/2-1/2

[Event "RA March op"]
[Site "Ottawa CAN"]
[Date "2023.03.05"]
[Round "5.6"]
[White "Gordon, David"]
[Black "Azar, Sebastien"]
[Result "1-0"]
[WhiteElo "2237"]
[BlackElo "2077"]
[PlyCount "125"]
[EventDate "2023.03.03"]
[EventType "swiss"]
[EventRounds "5"]
[EventCountry "CAN"]

1. c4 e6 2. Nf3 Nf6 3. g3 d5 4. Bg2 Be7 5. O-O O-O 6. b3 b6 7. Bb2 Bb7 8. cxd5
exd5 9. d4 Nbd7 10. Nbd2 Rc8 11. Bh3 Re8 12. Ne5 Ra8 13. Ndf3 c5 14. Nxf7 Kxf7
15. Ng5+ Kg8 16. Be6+ Kf8 17. e4 Bd6 18. e5 h6 19. Nf7 Qb8 20. Nxd6 Rxe6 21.
Nxb7 Qxb7 22. exf6 Nxf6 23. dxc5 bxc5 24. Qc2 Rc8 25. Rae1 Qe7 26. Qd2 d4 27.
Rxe6 Qxe6 28. Re1 Qd5 29. b4 cxb4 30. Qxb4+ Kg8 31. Bxd4 Ne4 32. Qb3 Qxb3 33.
axb3 Nd2 34. Re3 Rb8 35. Bxa7 Rb7 36. Rd3 Nxb3 37. Be3 Kh7 38. Rd1 Na5 39. Rd5
Nc6 40. Kg2 Ne7 41. Rc5 Ng6 42. Bd4 Nf8 43. Rc6 Rf7 44. Bc3 Rb7 45. Be5 Re7 46.
f4 Ng6 47. Rc7 Kg8 48. Rxe7 Nxe7 49. Kf3 Kf7 50. Ke4 h5 51. Bd6 Ng8 52. Kf5 Nf6
53. Be5 Ng4 54. h3 Nf2 55. Bd4 Nxh3 56. Be3 g6+ 57. Ke5 Ke7 58. f5 Kf7 59. f6
g5 60. Kf5 h4 61. gxh4 gxh4 62. Bd4 Kf8 63. Kg4 1-0

[Event "RA March op"]
[Site "Ottawa CAN"]
[Date "2023.03.05"]
[Round "5.8"]
[White "Labib, Daniel"]
[Black "Liang, Jason"]
[Result "0-1"]
[WhiteElo "2113"]
[BlackElo "2613"]
[PlyCount "80"]
[EventDate "2023.03.03"]
[EventType "swiss"]
[EventRounds "5"]
[EventCountry "CAN"]

1. e4 c5 2. Nf3 e6 3. d4 cxd4 4. Nxd4 Nc6 5. Nc3 Qc7 6. g3 a6 7. Bg2 Nf6 8. O-O
Nxd4 9. Qxd4 Bc5 10. Qd3 Ng4 11. Bf4 Ne5 12. Qe2 d6 13. a4 Bd7 14. Kh1 Rc8 15.
Rad1 O-O 16. Bd2 Bd4 17. f4 Nc4 18. Qd3 Nxd2 19. Rxd2 Bxc3 20. bxc3 Bxa4 21.
Qxd6 Qxc3 22. f5 Rc6 23. Qd3 Bb5 24. Qxc3 Rxc3 25. Rf3 Rxf3 26. Bxf3 e5 27. Kg2
f6 28. Be2 Bxe2 29. Rxe2 Kf7 30. c4 Ke7 31. Rb2 Rb8 32. Rb6 Kd7 33. Kf3 a5 34.
c5 Kc7 35. g4 a4 36. h4 a3 37. Rb1 Kc6 38. g5 Kxc5 39. Kg4 b5 40. h5 h6 0-1

[Event "RA March op"]
[Site "Ottawa CAN"]
[Date "2023.03.05"]
[Round "5.9"]
[White "Voloaca, Mihnea"]
[Black "Wang, Derek"]
[Result "1/2-1/2"]
[WhiteElo "2321"]
[BlackElo "2013"]
[PlyCount "137"]
[EventDate "2023.03.03"]
[EventType "swiss"]
[EventRounds "5"]
[EventCountry "CAN"]

1. d4 d5 2. c4 c6 3. cxd5 cxd5 4. Bg5 Nd7 5. Nc3 Ngf6 6. f3 e6 7. e4 Be7 8. e5
Ng8 9. Bxe7 Nxe7 10. Bb5 a6 11. Bxd7+ Bxd7 12. Nge2 Rc8 13. O-O Qb6 14. Qd2 Bb5
15. Rfc1 Bxe2 16. Nxe2 O-O 17. Rc3 Rxc3 18. bxc3 Rc8 19. h4 Ng6 20. h5 Nxe5 21.
h6 g6 22. Qg5 Nd7 23. Qe7 Qd8 24. Qd6 Rc6 25. Qg3 f6 26. Rb1 Qc7 27. Qg4 Kf7
28. Kf2 Rb6 29. Rb3 Rxb3 30. axb3 Qh2 31. c4 dxc4 32. bxc4 Qd6 33. c5 Qd5 34.
Nc3 Qc6 35. Ne4 a5 36. Nd6+ Ke7 37. Qxg6 hxg6 38. h7 Nxc5 39. h8=Q Kxd6 40.
dxc5+ Qxc5+ 41. Ke2 Qc2+ 42. Ke3 Qc3+ 43. Ke2 a4 44. Qb8+ Qc7 45. Qf8+ Ke5 46.
f4+ Kf5 47. g4+ Kxg4 48. Qxf6 Qc2+ 49. Ke3 Qc1+ 50. Ke4 Qe1+ 51. Kd3 Qf1+ 52.
Kc2 Qc4+ 53. Kb1 Qxf4 54. Qxg6+ Kf3 55. Qd3+ Qe3 56. Qf1+ Ke4 57. Qc4+ Kf5 58.
Qb5+ e5 59. Qd7+ Kf4 60. Qf7+ Kg3 61. Qg6+ Kf2 62. Ka1 Qc3+ 63. Ka2 a3 64. Qf5+
Qf3 65. Qxe5 Qd3 66. Qf6+ Ke1 67. Qe7+ Kd2 68. Qxb7 Kc2 69. Qb2+ 1/2-1/2

[Event "RA March op"]
[Site "Ottawa CAN"]
[Date "2023.03.05"]
[Round "5.10"]
[White "Saha, Ananda"]
[Black "Moses, Neil"]
[Result "1-0"]
[WhiteElo "2216"]
[BlackElo "1912"]
[PlyCount "69"]
[EventDate "2023.03.03"]
[EventType "swiss"]
[EventRounds "5"]
[EventCountry "CAN"]

1. d4 Nf6 2. Bg5 Ne4 3. Bf4 d5 4. f3 Nf6 5. Nc3 e6 6. e4 Bb4 7. e5 Nfd7 8. a3
Be7 9. Be3 c5 10. f4 cxd4 11. Bxd4 Nc6 12. Nf3 Nxd4 13. Nxd4 h5 14. Be2 g6 15.
O-O Nb6 16. Kh1 Bd7 17. a4 Rc8 18. a5 Nc4 19. Bxc4 Rxc4 20. a6 bxa6 21. Rxa6
Qb8 22. Ra2 Bc5 23. Nce2 Bb6 24. c3 Ke7 25. Qd3 a5 26. b3 Rc5 27. Rd2 Qb7 28.
Rfd1 Ra8 29. Qg3 Bd8 30. f5 exf5 31. e6 Bxe6 32. Nxe6 fxe6 33. Qxg6 Qxb3 34.
Nd4 Qb6 35. Re1 1-0

[Event "RA March op"]
[Site "Ottawa CAN"]
[Date "2023.03.05"]
[Round "6.7"]
[White "Wiebe, Isaac"]
[Black "Zhu, Matthew"]
[Result "1/2-1/2"]
[WhiteElo "2171"]
[BlackElo "2058"]
[PlyCount "42"]
[EventDate "2023.03.03"]
[EventType "swiss"]
[EventRounds "5"]
[EventCountry "CAN"]

1. Nf3 c5 2. e4 d6 3. Nc3 Nf6 4. e5 dxe5 5. Nxe5 a6 6. g3 Qc7 7. d4 cxd4 8.
Qxd4 Nc6 9. Nxc6 Qxc6 10. Bg5 h6 11. Bxf6 exf6 12. O-O-O Be6 13. Bd3 Bc5 14.
Be4 Qc8 15. Qa4+ Kf8 16. f4 g6 17. Rhe1 Rb8 18. Bd5 Bg4 19. Rd2 Kg7 20. Rd3 Bf5
21. Rdd1 Bg4 1/2-1/2

[Event "RA Winter op"]
[Site "Ottawa CAN"]
[Date "2023.01.20"]
[Round "1.2"]
[White "Zhu, Matthew"]
[Black "Sambuev, Bator"]
[Result "0-1"]
[WhiteElo "2058"]
[BlackElo "2599"]
[PlyCount "104"]
[EventDate "2023.01.20"]
[EventType "swiss"]
[EventRounds "5"]
[EventCountry "CAN"]

1. e4 e6 2. d4 d5 3. Nc3 Bb4 4. e5 c5 5. a3 Ba5 6. b4 cxd4 7. Nb5 Bc7 8. f4 Bd7
9. Nxc7+ Qxc7 10. Nf3 Ba4 11. Bd3 Qc3+ 12. Bd2 Qxd3 13. cxd3 Bxd1 14. Kxd1 a6
15. Ke2 Ne7 16. g4 Kd7 17. a4 h5 18. h3 Nbc6 19. Rac1 f6 20. b5 axb5 21. axb5
Na7 22. Nxd4 fxe5 23. fxe5 Nac8 24. Rcg1 Ra4 25. Bc3 Ra2+ 26. Ke3 hxg4 27. hxg4
Rah2 28. Rxh2 Rxh2 29. Rf1 Rh3+ 30. Rf3 Rxf3+ 31. Kxf3 Na7 32. b6 Nac6 33. Nb3
Nd8 34. Na5 Nc8 35. Bd4 Nc6 36. Nxc6 Kxc6 37. Kf4 Kb5 38. Kg5 Ne7 39. Bb2 Kb4
40. Bd4 Nc6 41. Ba1 d4 42. Kg6 Nxe5+ 43. Kxg7 Kc5 44. Kf6 Kd5 45. g5 Nxd3 46.
Bxd4 Kxd4 47. Kxe6 Kc5 48. Kf5 Kd6 49. Kf6 Ne5 50. Kf5 Nd7 51. Kg6 Nxb6 52. Kh6
Nd5 0-1

[Event "RA Winter op"]
[Site "Ottawa CAN"]
[Date "2023.01.20"]
[Round "1.4"]
[White "Wang, Derek"]
[Black "Migot, Tangi"]
[Result "0-1"]
[WhiteElo "2013"]
[BlackElo "2384"]
[PlyCount "72"]
[EventDate "2023.01.20"]
[EventType "swiss"]
[EventRounds "5"]
[EventCountry "CAN"]

1. Nf3 d5 2. c4 e6 3. d4 c6 4. Nc3 Nf6 5. Bg5 h6 6. Bxf6 Qxf6 7. e3 g6 8. Rc1
Nd7 9. Be2 Bg7 10. O-O O-O 11. Qc2 Qe7 12. Nd2 Rd8 13. Rfd1 e5 14. cxd5 exd4
15. dxc6 bxc6 16. exd4 Bxd4 17. Nf3 Bg7 18. Bc4 Nf8 19. Rxd8 Qxd8 20. Rd1 Qf6
21. Qd2 Rb8 22. Bb3 Be6 23. Bxe6 Nxe6 24. Rc1 Qf5 25. b3 Rd8 26. Qe3 Rd3 27.
Qe1 Nf4 28. Ne4 Nxg2 29. Kxg2 Qxf3+ 30. Kg1 Bb2 31. Rb1 Bd4 32. Ng3 Qf4 33.
Qe8+ Kg7 34. Rf1 Rf3 35. Qxc6 Rxf2 36. Rxf2 Qxf2+ 0-1

[Event "RA Winter op"]
[Site "Ottawa CAN"]
[Date "2023.01.20"]
[Round "1.5"]
[White "Xu, Daniel"]
[Black "Hughes-Dupuy, Henry"]
[Result "1-0"]
[WhiteElo "1110"]
[BlackElo "1978"]
[PlyCount "69"]
[EventDate "2023.01.20"]
[EventType "swiss"]
[EventRounds "5"]
[EventCountry "CAN"]

1. e4 e5 2. Nf3 Nc6 3. Bb5 Nf6 4. O-O Nxe4 5. d4 Nd6 6. Bxc6 dxc6 7. dxe5 Nf5
8. Qxd8+ Kxd8 9. Nc3 Ke8 10. h3 Be7 11. g4 Nh4 12. Nxh4 Bxh4 13. Kg2 Be6 14.
Be3 h5 15. f3 b6 16. a4 Ke7 17. a5 f6 18. Ra4 hxg4 19. hxg4 fxe5 20. Rh1 g5 21.
Rha1 b5 22. Bc5+ Kf6 23. Ne4+ Kg6 24. R4a3 a6 25. Re3 Rad8 26. Bb4 Rd4 27. Bc3
Rd5 28. b4 Rhd8 29. Nc5 Bf7 30. Nd3 Bg8 31. Nxe5+ Kh6 32. Nd3 Rf8 33. Re7 Rf7
34. Re6+ Kh7 35. Ne5 1-0

[Event "RA Winter op"]
[Site "Ottawa CAN"]
[Date "2023.01.20"]
[Round "1.6"]
[White "Joseph, Jonath"]
[Black "Cortes Orihuela, Javier"]
[Result "0-1"]
[WhiteElo "1964"]
[BlackElo "2196"]
[PlyCount "60"]
[EventDate "2023.01.20"]
[EventType "swiss"]
[EventRounds "5"]
[EventCountry "CAN"]

1. Nf3 d5 2. b3 c5 3. Bb2 Nc6 4. e3 Nf6 5. Be2 e6 6. O-O Bd6 7. d4 O-O 8. Nbd2
Qe7 9. c4 Rd8 10. Rc1 b6 11. Qc2 Bb7 12. Qb1 cxd4 13. exd4 Bf4 14. Rcd1 Ne4 15.
Bd3 Nxd2 16. Nxd2 g6 17. Nf3 Na5 18. cxd5 Bxd5 19. Be4 Nc6 20. Rfe1 Rac8 21.
Bxd5 Rxd5 22. Qe4 Qd6 23. g3 Bh6 24. Qh4 Bg7 25. Ng5 h6 26. Ne4 Qd8 27. Qf4
Nxd4 28. Rxd4 Rxd4 29. Bxd4 Qxd4 30. Qf3 f5 0-1

[Event "RA Winter op"]
[Site "Ottawa CAN"]
[Date "2023.01.20"]
[Round "1.8"]
[White "Desjardins, Michel"]
[Black "Gordon, David"]
[Result "0-1"]
[WhiteElo "1907"]
[BlackElo "2237"]
[PlyCount "22"]
[EventDate "2023.01.20"]
[EventType "swiss"]
[EventRounds "5"]
[EventCountry "CAN"]

1. e4 d5 2. exd5 Nf6 3. d4 Bg4 4. Be2 Bxe2 5. Qxe2 Qxd5 6. Nf3 e6 7. O-O Bd6 8.
c4 Qh5 9. Nc3 Nc6 10. c5 Nxd4 11. Nxd4 Qd5 0-1

[Event "RA Winter op"]
[Site "Ottawa CAN"]
[Date "2023.01.21"]
[Round "2.2"]
[White "Sambuev, Bator"]
[Black "Latorre, Vincent"]
[Result "1-0"]
[WhiteElo "2483"]
[BlackElo "2214"]
[PlyCount "71"]
[EventDate "2023.01.20"]
[EventType "swiss"]
[EventRounds "5"]
[EventCountry "CAN"]

1. d4 Nf6 2. c4 e6 3. Nc3 Bb4 4. e3 O-O 5. Bd3 c5 6. Nf3 d5 7. O-O cxd4 8. exd4
dxc4 9. Bxc4 b6 10. Qe2 Bb7 11. Rd1 Bxc3 12. bxc3 Nc6 13. Bd3 Rc8 14. Bg5 Qe7
15. Rac1 Rfd8 16. Ne5 Nb8 17. Ng4 Nbd7 18. Bb5 Nf8 19. h4 Rd5 20. Bxf6 gxf6 21.
c4 Rdd8 22. d5 a6 23. d6 Rxd6 24. Nh6+ Kh8 25. Rxd6 axb5 26. Rxb6 Ng6 27. h5
Nf4 28. Qg4 Nd3 29. Rb1 b4 30. Qg3 Be4 31. Qd6 Qa7 32. Qd4 Kg7 33. Ng4 Ne5 34.
h6+ Kh8 35. Nxe5 Bxb1 36. Nc6 1-0

[Event "RA Winter op"]
[Site "Ottawa CAN"]
[Date "2023.01.21"]
[Round "2.4"]
[White "Migot, Tangi"]
[Black "Doolabi, Dylan"]
[Result "1-0"]
[WhiteElo "2384"]
[BlackElo "2121"]
[PlyCount "65"]
[EventDate "2023.01.20"]
[EventType "swiss"]
[EventRounds "5"]
[EventCountry "CAN"]

1. Nf3 Nf6 2. c4 g6 3. b3 Bg7 4. Bb2 O-O 5. g3 c5 6. Bg2 Nc6 7. O-O d6 8. d4 a6
9. Nc3 Rb8 10. dxc5 dxc5 11. Na4 b6 12. Ne5 Nxe5 13. Bxe5 Nd7 14. Bxb8 Bxa1 15.
Ba7 Bd4 16. e3 Bxe3 17. Nxb6 Bd4 18. Nxc8 Qxc8 19. b4 Bxf2+ 20. Rxf2 cxb4 21.
Qd5 e6 22. Qd6 Rd8 23. c5 Nf6 24. Qf4 Rd1+ 25. Rf1 Rd7 26. Qb8 Qxb8 27. Bxb8
Rd8 28. Bf4 Rc8 29. c6 Nd5 30. Bxd5 exd5 31. c7 f6 32. Rd1 g5 33. Rxd5 1-0

[Event "RA Winter op"]
[Site "Ottawa CAN"]
[Date "2023.01.21"]
[Round "2.5"]
[White "Hadid, Mohammed"]
[Black "Xu, Daniel"]
[Result "0-1"]
[WhiteElo "1942"]
[BlackElo "2339"]
[PlyCount "88"]
[EventDate "2023.01.20"]
[EventType "swiss"]
[EventRounds "5"]
[EventCountry "CAN"]

1. e4 c5 2. c3 Nf6 3. e5 Nd5 4. d4 cxd4 5. Nf3 Nc6 6. Bc4 e6 7. cxd4 d6 8. O-O
Be7 9. Qe2 O-O 10. Rd1 Nb6 11. Bb3 Bd7 12. Nc3 Nb4 13. a3 N4d5 14. Ne4 dxe5 15.
dxe5 h6 16. Bc2 Qc7 17. Bb1 Ba4 18. Re1 Rac8 19. Bd2 Qd7 20. Nc3 Nxc3 21. Bxc3
Rfd8 22. h4 h5 23. Nd2 Rxc3 24. Qxh5 Rd3 25. Ne4 g6 26. Qh6 Rd1 27. Ba2 Rxa1
28. Rxa1 Qd4 29. Ng5 Bxg5 30. Qxg5 Qd2 31. Qf6 Re8 32. h5 gxh5 33. f4 Bc2 34.
Qg5+ Bg6 35. Bb1 Qd8 36. Qh6 Qd1+ 37. Kh2 Qg4 38. Ba2 Be4 39. Qg5+ Qxg5 40.
fxg5 Rd8 41. Re1 Bf5 42. Re2 Kg7 43. Kg3 Kg6 44. Rf2 Kxg5 0-1

[Event "RA Winter op"]
[Site "Ottawa CAN"]
[Date "2023.01.21"]
[Round "2.6"]
[White "Cortes Orihuela, Javier"]
[Black "Moses, Neil"]
[Result "1-0"]
[WhiteElo "2278"]
[BlackElo "1912"]
[PlyCount "41"]
[EventDate "2023.01.20"]
[EventType "swiss"]
[EventRounds "5"]
[EventCountry "CAN"]

1. d4 Nf6 2. c4 e6 3. e3 d5 4. Nf3 c6 5. Be2 Bd6 6. O-O Nbd7 7. Nc3 O-O 8. Nd2
Re8 9. e4 dxe4 10. Ndxe4 Nxe4 11. Nxe4 Be7 12. Bf4 Nf6 13. Nc3 Qb6 14. Na4 Qa6
15. Qc2 Rd8 16. Rfd1 Bd7 17. Nc5 Qb6 18. b4 Bc8 19. Rab1 Nd7 20. Ne4 Qa6 21.
Bc7 1-0

[Event "RA Winter op"]
[Site "Ottawa CAN"]
[Date "2023.01.21"]
[Round "2.7"]
[White "Myers, Joshua"]
[Black "Liang, Jason"]
[Result "0-1"]
[WhiteElo "1845"]
[BlackElo "2612"]
[PlyCount "44"]
[EventDate "2023.01.20"]
[EventType "swiss"]
[EventRounds "5"]
[EventCountry "CAN"]

1. e4 c5 2. d4 cxd4 3. Qxd4 Nc6 4. Qd3 Nf6 5. Nf3 e6 6. a3 Qc7 7. Nc3 a6 8. h3
b5 9. b4 Bb7 10. Bb2 Rc8 11. O-O-O Be7 12. Kb1 O-O 13. Rc1 d6 14. g4 Rfd8 15.
Be2 Qb6 16. Nd1 Ne5 17. Nxe5 dxe5 18. Qe3 Qxe3 19. Nxe3 Nxe4 20. Ka1 Nxf2 21.
Rhe1 Bg5 22. Bf1 f6 0-1

[Event "RA Winter op"]
[Site "Ottawa CAN"]
[Date "2023.01.21"]
[Round "3.2"]
[White "Xu, Daniel"]
[Black "Sambuev, Bator"]
[Result "0-1"]
[WhiteElo "2339"]
[BlackElo "2483"]
[PlyCount "74"]
[EventDate "2023.01.20"]
[EventType "swiss"]
[EventRounds "5"]
[EventCountry "CAN"]

1. e4 e5 2. Nf3 Nc6 3. Bb5 a6 4. Ba4 d6 5. O-O Bd7 6. c3 g6 7. d4 Bg7 8. h3 Nf6
9. Re1 O-O 10. Nbd2 Re8 11. Bc2 exd4 12. cxd4 Nb4 13. Bb1 Bb5 14. Qb3 c5 15. a3
Nc6 16. Ba2 Re7 17. a4 Na5 18. Qc2 Be8 19. dxc5 dxc5 20. Qxc5 Rc8 21. Qa3 Nh5
22. Nf1 h6 23. Bd2 Nc4 24. Bxc4 Rxc4 25. Ba5 b6 26. Bxb6 Qd7 27. Rad1 Qb7 28.
a5 Rcxe4 29. Rxe4 Rxe4 30. Ne3 Nf4 31. Rd8 Bf6 32. Rd2 Be7 33. Qa2 Ra4 34. Qb3
Nxh3+ 35. gxh3 Qxf3 36. Kh2 Ra1 37. Rd1 Bd6+ 0-1

[Event "RA Winter op"]
[Site "Ottawa CAN"]
[Date "2023.01.21"]
[Round "3.3"]
[White "Liang, Jason"]
[Black "Cortes Orihuela, Javier"]
[Result "1-0"]
[WhiteElo "2613"]
[BlackElo "2278"]
[PlyCount "47"]
[EventDate "2023.01.20"]
[EventType "swiss"]
[EventRounds "5"]
[EventCountry "CAN"]

1. e4 e5 2. Nf3 Nc6 3. Bc4 Nf6 4. d3 Be7 5. O-O O-O 6. Nc3 d6 7. a3 Nd7 8. Be3
Nb6 9. Ba2 Bg4 10. h3 Bh5 11. Nd5 Nxd5 12. Bxd5 Kh8 13. c3 Bg6 14. d4 exd4 15.
cxd4 Qd7 16. Qa4 f5 17. exf5 Bxf5 18. Rac1 Qe8 19. Nd2 Bd7 20. Qd1 Qg6 21. Be4
Bf5 22. Bxf5 Qxf5 23. Qb3 Na5 24. Qc2 1-0

[Event "RA Winter op"]
[Site "Ottawa CAN"]
[Date "2023.01.21"]
[Round "3.6"]
[White "Moses, Neil"]
[Black "Gordon, David"]
[Result "1/2-1/2"]
[WhiteElo "1912"]
[BlackElo "2237"]
[PlyCount "160"]
[EventDate "2023.01.20"]
[EventType "swiss"]
[EventRounds "5"]
[EventCountry "CAN"]

1. Nf3 Nf6 2. g3 b6 3. b3 Bb7 4. Bg2 e6 5. c4 c5 6. Bb2 Be7 7. O-O O-O 8. d4
cxd4 9. Bxd4 Qc7 10. Nc3 Nc6 11. Nb5 Qb8 12. Bb2 a6 13. Nc3 Rd8 14. e4 b5 15.
cxb5 axb5 16. Re1 b4 17. Na4 d5 18. exd5 Rxd5 19. Qc2 Qd8 20. Rad1 Raa5 21. Ne5
Nxe5 22. Bxd5 Rxd5 23. Bxe5 Qa5 24. Qc7 Qxc7 25. Bxc7 Kf8 26. Rxd5 Nxd5 27. Ba5
Ke8 28. Nb6 Bd8 29. Nc4 Bxa5 30. Nxa5 Ba8 31. Re4 Kd7 32. Rc4 f6 33. Kf1 h6 34.
Ke1 e5 35. Kd2 f5 36. Kc2 g5 37. Kb2 h5 38. a3 bxa3+ 39. Kxa3 e4 40. b4 Nb6 41.
Rc5 Bd5 42. b5 Kd6 43. Kb4 f4 44. Rc3 Ba8 45. Nc4+ Nxc4 46. Kxc4 Ke5 47. h4
Bd5+ 48. Kc5 e3 49. gxf4+ gxf4 50. fxe3 f3 51. b6 f2 52. Rc1 Bg2 53. Rf1 Bxf1
54. b7 Ke4 55. b8=Q Kxe3 56. Qg3+ Ke2 57. Kd4 Bh3 58. Qd3+ Ke1 59. Ke3 f1=N+
60. Kf3 Bg4+ 61. Kg2 Nd2 62. Kg3 Be2 63. Qc3 Bg4 64. Kf4 Ke2 65. Qc2 Bf3 66.
Ke5 Ke3 67. Qc3+ Ke2 68. Kd4 Nf1 69. Qc2+ Ke1 70. Kd3 Bg4 71. Qg2 Bf5+ 72. Kc3
Bg4 73. Qe4+ Kf2 74. Kd3 Bd1 75. Qd4+ Kg2 76. Ke4 Bf3+ 77. Kf4 Bg4 78. Qd3 Kf2
79. Qc4 Be2 80. Qc1 Bg4 1/2-1/2

[Event "RA Winter op"]
[Site "Ottawa CAN"]
[Date "2023.01.21"]
[Round "3.7"]
[White "Latorre, Vincent"]
[Black "Zhong, Ryan Yunhui"]
[Result "0-1"]
[WhiteElo "1731"]
[BlackElo "1955"]
[PlyCount "80"]
[EventDate "2023.01.20"]
[EventType "swiss"]
[EventRounds "5"]
[EventCountry "CAN"]

1. e4 e6 2. d4 d5 3. e5 c5 4. c3 Nc6 5. Nf3 Bd7 6. Be2 Nge7 7. a3 f6 8. dxc5
Nxe5 9. Nxe5 fxe5 10. O-O Nf5 11. b4 g6 12. c4 d4 13. Nd2 Bg7 14. Ne4 O-O 15.
Bg5 Qe8 16. g4 Bc6 17. Bd3 Bxe4 18. Bxe4 h6 19. Bd2 Nh4 20. f3 Qe7 21. Qc2 Rad8
22. Qd3 Kh7 23. c6 bxc6 24. Bxc6 Bf6 25. c5 Bg5 26. Bxg5 Qxg5 27. Kh1 Rf4 28.
Ra2 Rdf8 29. Raf2 h5 30. h3 hxg4 31. hxg4 Kg7 32. Be4 Nf5 33. Bxf5 exf5 34. Qe2
fxg4 35. Rg1 d3 36. Qe3 Rh8+ 37. Kg2 gxf3+ 38. Kf1 Qxg1+ 39. Kxg1 Rg4+ 40. Kf1
Rh1# 0-1

[Event "RA Winter op"]
[Site "Ottawa CAN"]
[Date "2023.01.21"]
[Round "3.8"]
[White "Kim, Noah"]
[Black "Hadid, Mohammed"]
[Result "0-1"]
[WhiteElo "2131"]
[BlackElo "1942"]
[PlyCount "116"]
[EventDate "2023.01.20"]
[EventType "swiss"]
[EventRounds "5"]
[EventCountry "CAN"]

1. d4 Nf6 2. c4 e6 3. Nf3 b6 4. g3 Ba6 5. b3 Bb4+ 6. Bd2 Be7 7. Nc3 d5 8. Bg2
c6 9. O-O Nbd7 10. cxd5 cxd5 11. Rc1 Rc8 12. a3 O-O 13. b4 Bc4 14. b5 Bxa3 15.
Ra1 Bb2 16. Rxa7 Bxc3 17. Bxc3 Bxb5 18. Bb4 Re8 19. Re1 Ra8 20. Ra1 Qc7 21. Rc1
Qb7 22. Nd2 Ba4 23. Nb3 Qa6 24. Qc2 Rec8 25. Qb2 h6 26. Bf1 Bb5 27. Ra1 Qb7 28.
Nd2 Ne4 29. Nb3 Bc4 30. f3 Nef6 31. Nd2 b5 32. Nb3 Rxa1 33. Rxa1 Ra8 34. Ra3
Rxa3 35. Qxa3 Bxb3 36. Qxb3 Nb6 37. Qa2 Nc4 38. Kf2 Nd7 39. e3 Nb8 40. h4 Nc6
41. Qb3 Nxb4 42. Qxb4 Qa6 43. Be2 g6 44. h5 gxh5 45. f4 h4 46. Bxc4 hxg3+ 47.
Kxg3 dxc4 48. Qc5 Qb7 49. Qb4 Qc6 50. Qc3 Qe4 51. Kf2 Qd3 52. Qa5 c3 53. Qa8+
Kg7 54. Qg2+ Kh7 55. Qb7 Kg6 56. Qg2+ Kf6 57. Qh3 Qg6 58. Qh4+ Kg7 0-1

[Event "RA Winter op"]
[Site "Ottawa CAN"]
[Date "2023.01.22"]
[Round "4.1"]
[White "Sambuev, Bator"]
[Black "Migot, Tangi"]
[Result "0-1"]
[WhiteElo "2483"]
[BlackElo "2447"]
[PlyCount "85"]
[EventDate "2023.01.20"]
[EventType "swiss"]
[EventRounds "5"]
[EventCountry "CAN"]

1. d4 d5 2. c4 c6 3. Nf3 Nf6 4. e3 e6 5. Nbd2 Nbd7 6. b3 Ne4 7. Nxe4 dxe4 8.
Nd2 f5 9. Bb2 Nf6 10. Qc2 Bd6 11. f3 exf3 12. gxf3 Qe7 13. c5 Bc7 14. O-O-O O-O
15. f4 Nd5 16. Re1 b6 17. Rg1 a5 18. a3 Ba6 19. Bc4 Rf7 20. Nf3 b5 21. Bd3 b4
22. a4 Bxd3 23. Qxd3 Kh8 24. Rg3 Qd7 25. Reg1 Rg8 26. Ng5 Rf6 27. Qa6 Nxe3 28.
Rxe3 Bxf4 29. Qe2 Qd5 30. Kc2 Bxe3 31. Qxe3 h6 32. h4 f4 33. Qd3 Rf5 34. Nf3 g5
35. hxg5 hxg5 36. Ne5 Rxe5 37. Qh3+ Kg7 38. Kb1 Re2 39. Rh1 Qf5+ 40. Qxf5 exf5
41. d5+ Rxb2+ 42. Kxb2 cxd5 43. Kc2 0-1

[Event "RA Winter op"]
[Site "Ottawa CAN"]
[Date "2023.01.22"]
[Round "4.4"]
[White "Azar, Sebastien"]
[Black "Xu, Daniel"]
[Result "0-1"]
[WhiteElo "2077"]
[BlackElo "2339"]
[PlyCount "74"]
[EventDate "2023.01.20"]
[EventType "swiss"]
[EventRounds "5"]
[EventCountry "CAN"]

1. e4 c5 2. Nf3 d6 3. d4 cxd4 4. Nxd4 Nf6 5. Nc3 a6 6. f3 e5 7. Nb3 Be6 8. Be3
h5 9. Nd5 Bxd5 10. exd5 Nbd7 11. Qd2 g6 12. Na5 Qc7 13. Be2 Bg7 14. c4 e4 15.
Rc1 exf3 16. Bxf3 O-O 17. O-O Rfe8 18. b4 Ne5 19. c5 Nxf3+ 20. Rxf3 Ne4 21. Qd3
dxc5 22. Nb3 c4 23. Rxc4 Qe7 24. Bc5 Qe5 25. Qd1 Rad8 26. Rd3 Bh6 27. Bb6 Qf6
28. Bd4 Qf5 29. Bb6 Rd6 30. Bc5 Rd7 31. Rc2 Nxc5 32. Nxc5 Rde7 33. Qf3 Re1+ 34.
Kf2 Qe5 35. Rd1 Re3 36. d6 Rxf3+ 37. gxf3 Qxh2+ 0-1

[Event "RA Winter op"]
[Site "Ottawa CAN"]
[Date "2023.01.22"]
[Round "4.7"]
[White "Hadid, Mohammed"]
[Black "Adam, Rafael"]
[Result "1/2-1/2"]
[WhiteElo "1942"]
[BlackElo "2217"]
[PlyCount "133"]
[EventDate "2023.01.20"]
[EventType "swiss"]
[EventRounds "5"]
[EventCountry "CAN"]

1. e4 c6 2. Nc3 d5 3. Nf3 dxe4 4. Nxe4 Nf6 5. Qe2 Nxe4 6. Qxe4 Nd7 7. Bc4 Nf6
8. Ne5 e6 9. Qe2 Bd6 10. d4 Qc7 11. Bf4 b5 12. Bd3 Bb7 13. c3 a6 14. O-O c5 15.
a4 b4 16. Rfe1 O-O 17. Bg5 Be7 18. Qd2 bxc3 19. bxc3 cxd4 20. cxd4 Nd5 21. Rac1
Qd8 22. Bxe7 Qxe7 23. Nc6 Bxc6 24. Rxc6 Qb4 25. Qd1 a5 26. Rc4 Qa3 27. Be4 Rad8
28. Bxd5 Rxd5 29. Re5 Rb8 30. h3 h6 31. Rxd5 exd5 32. Rc5 Qa2 33. Qf3 Qa1+ 34.
Kh2 Qxd4 35. Rxa5 Rd8 36. Qe3 Qb4 37. Qc5 Qe4 38. Qe3 Qb4 39. Qc5 Qb8+ 40. g3
d4 41. Ra7 Qb2 42. Qf5 Qb3 43. Rd7 Rxd7 44. Qxd7 d3 45. a5 Qa2 46. Qxd3 Qxf2+
47. Kh1 Qe1+ 48. Kg2 Qxa5 49. Qe2 Qd5+ 50. Kh2 f5 51. Kg1 Kf7 52. Kh2 g5 53. h4
Qe6 54. Qd2 Kg6 55. hxg5 hxg5 56. Qf2 Qe5 57. Qg2 Qe3 58. Qc2 Qf3 59. Qd2 Kh5
60. Qb2 Kg6 61. Qb6+ Kh5 62. Qb2 Qe4 63. Qh8+ Kg6 64. Qg8+ Kf6 65. Qf8+ Kg6 66.
Qg8+ Kf6 67. Qf8+ 1/2-1/2

[Event "RA Winter op"]
[Site "Ottawa CAN"]
[Date "2023.01.22"]
[Round "4.8"]
[White "Gordon, David"]
[Black "Kot, Emanuel"]
[Result "1/2-1/2"]
[WhiteElo "2237"]
[BlackElo "2114"]
[PlyCount "53"]
[EventDate "2023.01.20"]
[EventType "swiss"]
[EventRounds "5"]
[EventCountry "CAN"]

1. c4 e6 2. g3 Nf6 3. Bg2 d5 4. Nf3 Be7 5. O-O O-O 6. b3 b6 7. Bb2 Bb7 8. d4 c5
9. e3 Nbd7 10. Nbd2 Rc8 11. Qe2 Qc7 12. dxc5 Bxc5 13. a3 dxc4 14. Nxc4 Bd5 15.
Rfc1 b5 16. Ncd2 Qb7 17. Qf1 Bd6 18. Nd4 a6 19. Bxd5 Qxd5 20. Rxc8 Rxc8 21. Rc1
Qb7 22. N4f3 Be7 23. Rxc8+ Qxc8 24. Qd3 h6 25. Ne4 Nxe4 26. Qxe4 Bf6 27. Bxf6
1/2-1/2